00406 2200157 4500001002100000008004100021035002000062245005800082100001700140260002800157300001100185084001400196082000800210650001200218990001800230INLIS000000000000556 ind  a0010-0724000556 aDongeng Rakyat Nusantara Taktik CaadaracAnna martina aAnna martina bAlmandeta selarasc2008 a26 hlm a398 ANN d a398 aFolklor aP29/CP/24/556